Liczby od 1 do 20 w języku niemieckim - Statystyki

Ogólne statystyki
  • Ten quiz został rozwiązany 232 razy
  • Średni wynik to 15 z 20
Statystyki odpowiedzi
Hint Odpowiedź % Poprawnych
5 fünf
91%
3 drei
90%
1 eins
90%
2 zwei
90%
4 vier
88%
8 acht
84%
11 elf
84%
6 sechs
83%
9 neun
81%
7 sieben
81%
10 zehn
76%
12 zwölf
76%
14 vierzehn
68%
13 dreizehn
66%
15 fünfzehn
61%
16 sechzehn
54%
17 siebzehn
52%
18 achtzehn
48%
19 neunzehn
48%
20 zwanzig
41%
Nie znaleziono quizów pasujących do podanych kryteriów
Rozkład punktacji
Procent ludzi z każdym wynikiem
Percentyl według liczby udzielonych odpowiedzi
Twoja historia wyników
Nie rozwiązałeś tego quizu